000
00247nam a2200097Ia 4500
001
754543
005
20250826164742.0
008
250824s9999 xx 000 0 und d
245
0
_a
TÜRKLERİN UYANIŞI
_c
RAMAZAN ATEŞ
260
_b
YEDİVEREN YAYINLARI
999
_c
754543
_d
754543